Hazard assessment of climate changes, a case study of the area: Fars Province, Iran (Record no. 60238)

MARC details
000 -LEADER
fixed length control field 00465nam a2200169Ia 4500
100 ## - MAIN ENTRY--AUTHOR NAME
Personal name Asrari E.
245 #0 - TITLE STATEMENT
Title Hazard assessment of climate changes, a case study of the area: Fars Province, Iran
260 ## - PUBLICATION, DISTRIBUTION, ETC. (IMPRINT)
Name of publisher Pollution Research
Year of publication 2010
300 ## - PHYSICAL DESCRIPTION
Number of Pages 275-281
650 ## - SUBJECT ADDED ENTRY--TOPICAL TERM
Topical Term climate change
650 ## - SUBJECT ADDED ENTRY--TOPICAL TERM
Topical Term Domaarton Index
650 ## - SUBJECT ADDED ENTRY--TOPICAL TERM
Topical Term Hazard class
650 ## - SUBJECT ADDED ENTRY--TOPICAL TERM
Topical Term Temperature
700 ## - ADDED ENTRY--PERSONAL NAME
Personal name Masoudi M.
942 ## - ADDED ENTRY ELEMENTS (KOHA)
Koha item type Journals
Holdings
Withdrawn status Lost status Damaged status Not for loan Home library Current library Date acquired Serial Enumeration / chronology Koha item type
      Journals RRII Library RRII Library 04/10/2010 Volume 29, Issue 2 Journals